Welcome to CU Library Online Public Access Catalogue (OPAC)

Social work and the Web / (Record no. 9048)

MARC details
000 -LEADER
fixed length control field 00824cam a22002534a 4500
001 - CONTROL NUMBER
control field 11845233
005 - DATE AND TIME OF LATEST TRANSACTION
control field 20260313182709.0
008 - FIXED-LENGTH DATA ELEMENTS--GENERAL INFORMATION
fixed length control field 991118s2000 at a b 001 0 eng
020 ## - INTERNATIONAL STANDARD BOOK NUMBER
International Standard Book Number 0534365833
020 ## - INTERNATIONAL STANDARD BOOK NUMBER
International Standard Book Number 9780534365837
050 00 - LIBRARY OF CONGRESS CALL NUMBER
Classification number HV29.2
Item number .V47 2000
082 00 - DEWEY DECIMAL CLASSIFICATION NUMBER
Classification number 361.3/0285/4678
Edition information 21
100 1# - MAIN ENTRY--PERSONAL NAME
Personal name Vernon, Robert,
Dates associated with a name 1947-
245 10 - TITLE STATEMENT
Title Social work and the Web /
Statement of responsibility, etc. Robert Vernon, Darlene Lynch.
260 ## - PUBLICATION, DISTRIBUTION, ETC.
Place of publication, distribution, etc. Australia ;
-- East Dubuque, IL :
Name of publisher, distributor, etc. Wadsworth Thomson Learning,
Date of publication, distribution, etc. c2000.
300 ## - PHYSICAL DESCRIPTION
Extent xix, 292 p. :
Other physical details ill. ;
Dimensions 28 cm.
650 #0 - SUBJECT ADDED ENTRY--TOPICAL TERM
Topical term or geographic name entry element Human services
General subdivision Computer network resources.
650 #0 - SUBJECT ADDED ENTRY--TOPICAL TERM
Topical term or geographic name entry element Social service
General subdivision Computer network resources.
650 #0 - SUBJECT ADDED ENTRY--TOPICAL TERM
Topical term or geographic name entry element Social work administration
General subdivision Data processing.
650 #0 - SUBJECT ADDED ENTRY--TOPICAL TERM
Topical term or geographic name entry element World Wide Web.
650 #0 - SUBJECT ADDED ENTRY--TOPICAL TERM
Topical term or geographic name entry element Internet.
700 1# - ADDED ENTRY--PERSONAL NAME
Personal name Lynch, Darlene.
942 ## - ADDED ENTRY ELEMENTS (KOHA)
Source of classification or shelving scheme Library of Congress Classification
Koha item type Books
Suppress in OPAC No
999 ## -
-- 9048
-- 9048
Holdings
Withdrawn status Lost status Source of classification or shelving scheme Damaged status Not for loan Collection Home library Current library Shelving location Date acquired Total checkouts Full call number Barcode Date last seen Copy number Price effective from Koha item type
    Library of Congress Classification     Non-fiction Business Library (Miotso) Business Library (Miotso) General stacks 03/11/2026   HV29.2 .V47 2000 BSSM00002775 03/13/2026 1 03/11/2026 Books
© 2023-2024 Copyright: Central University Libraries. All Rights Reserved | Created by: Mahone Tech Office